000 00664nam a2200169 4500
001 110304
003 ES-MaACL
005 20250830103942.0
007 t|
008 061121s1960 sp r ||||1| spa d
245 0 0 _aOcho novelistas norteamericanos
_b: John Dos Passos, Ernst Hemingway, William Faulkner, Erekuil Caldwell, John Steinbeck, James T. Farrell, Pearl Buck, John R. Marquand.
260 _aMadrid :
_bEmbajada de los Estados Unidos. Servicio de Informaciones de los Estados Unidos,
_c1960.
300 _a56 p. ;
_c18 cm.
710 1 _aEstados Unidos.
_bEmbassy (EspaƱa)
_94025
852 _aES-MaACL
_j2004-F-12
_bR.46403
999 _c110304
_d110304